Ca dao Quảng Ngãi /

Bewaard in:
Bibliografische gegevens
Andere auteurs: Lê Hồng Khánh (sưu tầm, tuyển chọn, chú giải, bình luận.)
Formaat: Sách giấy
Taal:Vietnamese
Gepubliceerd in: H. : Sân khấu, 2016.
Onderwerpen:
Tags: Voeg label toe
Geen labels, Wees de eerste die dit record labelt!
Thư viện lưu trữ: Thư viện Trường Đại học Đà Lạt
LEADER 00885nam a2200325 4500
001 DLU180183183
005 ##20180118
020 # # |a 9786049070723 
040 # # |a DLU  |b vie 
041 # # |a vie 
044 # # |a vn 
082 # # |a 398.209 597  |b Cad 
245 # # |a Ca dao Quảng Ngãi /  |c Lê Hồng Khánh sưu tầm, tuyển chọn, chú giải, bình luận. 
260 # # |a H. :  |b Sân khấu,  |c 2016. 
300 # # |a 407 tr. ;  |c 21 cm. 
504 # # |a Tài liệu tham khảo chính: tr. 402-404. 
650 # # |a Ca dao  |z Việt Nam  |z Quảng Ngãi. 
700 # # |a Lê Hồng Khánh,  |e sưu tầm, tuyển chọn, chú giải, bình luận. 
923 # # |a 01/2017 
991 # # |a SH 
992 # # |a 16000 
994 # # |a DLU 
900 # # |a True 
911 # # |a Nguyễn Thanh Hương 
925 # # |a G 
926 # # |a A 
927 # # |a SH 
980 # # |a Thư viện Trường Đại học Đà Lạt